| 000 | 01218nam a22002657a 4500 | ||
|---|---|---|---|
| 005 | 20100413121323.0 | ||
| 010 | _aENG-96030 B-427846 | ||
| 020 |
_a0198064446 _c645.00 |
||
| 020 |
_a9780198064442 _c645.00 |
||
| 035 | _aEN-79563 | ||
| 035 | _aB-427846 | ||
| 037 | _bDBAD/PUB | ||
| 037 | _bAllied Publishers | ||
| 082 | _a279.3095402 | ||
| 245 |
_aSufism and society in medieval India/ _cedited by Raziuddin Aquil |
||
| 260 |
_aNew Delhi _bOxford University Press _c2010 |
||
| 270 |
_aYMCA library building, Jai Singh Road _bNew Delhi _e110001 |
||
| 300 |
_axxiv, 184p. ; _c22 cm.(Hb) |
||
| 500 | _aincludes index | ||
| 700 |
_aAquil, Raziuddin _930747 |
||
| 942 |
_2ddc _cEN _mSUF _h279.3095402 |
||
| 999 |
_c35252 _d35252 |
||